| 000 | 01232nam0a2200301 4500 | ||
|---|---|---|---|
| 001 | RU\NLR\BIBL_A\011951936 | ||
| 005 | 20190404170734.0 | ||
| 010 |
_a978-5-87865-655-9 _9100 |
||
| 021 |
_aRU _bКН-П-19-005391 _9КН-П-19-0401 |
||
| 035 | _a(NLR Aleph) 011951936 | ||
| 035 | _a(RuMoRGB)009813919 | ||
| 090 |
_a11153660 _c11153660 |
||
| 100 | _a20190305d2018 c y0rusy50 ca | ||
| 101 | 0 | _arus | |
| 102 | _aRU | ||
| 105 | _aa|||z|||000ay | ||
| 200 | 1 |
_aШоколадное облако _eэкологические и целебные сказки _e[для младших школьников] _fСветлана Панасенко _gиллюстрации Алины Саитовой _gВосточная экономико-юридическая гуманитарная академия (Академия ВЭГУ) |
|
| 210 |
_aУфа _cАкадемия ВЭГУ _d2018 |
||
| 215 |
_a63 с. _cцв. ил. _d20 |
||
| 686 | 0 | _aШ9(2)60=Р7-2 | |
| 700 | 1 |
_aПанасенко _bС. А. _gСветлана Алексеевна |
|
| 702 | 1 |
_aСаитова _bА. _gАлина _4440 |
|
| 942 | _cBOOK | ||
| 980 | _aNBR | ||
| 980 | _aNB | ||